• 首页
  • 本馆介绍
  • 公告通知
  • 最新文献
  • 馆藏检索
  • 电子资源
  • 读者导购
  • 参考咨询
  • 我的图书馆
  • 登录
  • 详细信息显示
  • 放入我的书架
  • 预约/预借图书
  • 作者相关作品
  • 分类相关作品
  • 丛书相关作品
  • 出版社相关作品

书目信息

  • 表格格式
  • 工作单格式
  • 卡片格式
题名:
增高
    
 
作者: 杨树文 著
分册:  
出版信息: 北京   北京出版社  2005
页数: 162页
开本: 19cm
丛书名:
单 册:
中图分类: R339.31
科图分类:
主题词: 身高--基本知识 , 身高
电子资源:
ISBN: 7-200-05073-3
000 01044nam0 2200337 450
000 01009nam0 2200325 450
000 00972nam0 2200313 450
000 00933nam0 2200301 450
000 00859nam0 2200277 450
001 002565135
005 20040510142223.0
010    @a7-200-05073-3@dCNY13.50
092    @aCN@b526729
100    @a20040129e20062005em y0chiy0110 ea
101 0  @achi
102    @aCN@b110000
105    @aa z 000yy
106    @ar
200 1  @a增高@Azeng gao@e写给25岁以下的男孩和23岁以下的女孩@f杨树文著@Fyang shu wen zhu
205    @a2版
210    @a北京@c北京出版社@d2005@h2006重印
215    @a162页@c图@d19cm
330    @a本书结合丰富的图例,针对青少年介绍了食物增高、睡眠增高、点穴按摩增高和增高健身操等纯自然疗法增高身体的方法。
606 0  @a身高@x基本知识
606 0  @a身高
690    @aR339.31@v4
701  0 @a杨树文@Ayang shu wen@f(1953~)@4著
801  0 @aCN@bNLC@c20040511
905    @aBZT@dR339.31@e1
906    @dCNY13.50@n0@r1
    
    增高:写给25岁以下的男孩和23岁以下的女孩/杨树文著.-2版.-北京:北京出版社,2005(2006重印)
    162页:图;19cm
    
    
    ISBN 7-200-05073-3:CNY13.50
    本书结合丰富的图例,针对青少年介绍了食物增高、睡眠增高、点穴按摩增高和增高健身操等纯自然疗法增高身体的方法。
●
相关链接 在五车中查询图书 在当当中查询图书 在豆瓣中查询图书


正题名:增高     索取号:R339.31/1         预约/预借

序号 登录号 条形码 馆藏地/架位号 状态 备注
1 669296   2000669296   中心书库中库/ 中库006架A面5列5层12/ [索取号:R339.31/1] 在馆    
2 669297   2000669297   中心书库中库/ 中库006架A面5列5层17/ [索取号:R339.31/1] 在馆    
3 669298   2000669298   中心书库中库/ 中库006架A面5列5层13/ [索取号:R339.31/1] 在馆    
4 669299   2000669299   中心书库中库/ 中库006架A面5列5层11/ [索取号:R339.31/1] 在馆    
5 669300   2000669300   中心书库中库/ 中库006架A面5列5层19/ [索取号:R339.31/1] 在馆    
6 669301   2000669301   中心书库中库/ 中库006架A面5列5层14/ [索取号:R339.31/1] 在馆    
7 669302   2000669302   中心书库中库/ 中库006架A面5列5层16/ [索取号:R339.31/1] 在馆    
8 669304   2000669304   中心书库中库/ 中库006架A面5列5层15/ [索取号:R339.31/1] 在馆    
9 669305   2000669305   中心书库中库/ 中库006架A面5列5层18/ [索取号:R339.31/1] 在馆    
山东省滨州职业学院图书馆 欢迎您!
大连网信软件有限公司© 版权所有